000 00790nam a22002297a 4500
999 _c939
_d939
003 AR-CdUCM
008 190225b ||||| |||| 00| 0 spa d
040 _aMUNICIPALIDAD PROVINCIAL DEL CUSCO
_cBIBLIOTECA MUNICIPAL DEL CUSCO
082 _23 ed.
_a920 /
_bC49
100 _aCannon, Dorothy F.
_93636
245 _aRamon y Cajal /
260 _aEspaña :
_bGrijalbo,
_c1966
300 _a253 páginas ;
_c21 cm.
505 _aPacientes y perdices -- El latín y los dómines -- El maravilloso artificio de la vida -- Interludio cubano -- El pobre Ramón se ha perdido definitivamente...
650 _aBiografía
_922
650 _aMedicina
_93637
650 _aHistoria
_9136
650 _aPremio Nobel
_9357
650 _aEspaña
_9176
942 _2ddc
_cLIBROS
945 _admma
_d2019-02-25